| 000 | 00595nam a2200121Ia 4500 | ||
|---|---|---|---|
| 008 | 220620s9999||||xx |||||||||||||| ||und|| | ||
| 100 | _aOsimani, Barbara | ||
| 245 | 0 |
_aChapter 15 Epistemic Gains and Epistemic Games _bReliability and Higher Order Evidence in Medicine and Pharmacology |
|
| 546 | _aEnglish[eng] | ||
| 650 | _aUncertainty Management in Pharmacology, Causality,Medical Epistemology, evidence standards, random error, systematic error, extrapolation, relevance, bias | ||
| 856 | _uhttps://library.oapen.org/bitstream/20.500.12657/50312/1/Osimani_2020%20Epi%20Games.pdf | ||
| 942 | _cEB | ||
| 999 |
_c23318 _d23318 |
||